000 00668nam a2200241Ia 4500
003 OSt
005 20220926020953.0
006 a|||||r|||| 00| 0
007 ta
008 220923b |||||||| |||| 00| 0 eng d
037 _cGeneral Book
040 _aRTL
_cRTL
_beng
041 _2eng
_aeng
082 _aB377, M8
100 _aBernstein Ira H
_9325470
245 0 _aApplied multivariate analysis
260 _aNew York
_bSpringer-Verlag
_c1988
300 _axix,508p
_ccm.
500 _aBibliography:P486-492; Appendix:P410-429
650 _aReal Variable
942 _hB377, M8
_cGB
_2CC
999 _c635325
_d635325